Bilecik Bilecik Bilecik Bilecik Bilecik

Satranç/ (Record no. 43080)

MARC details
000 -BAŞLIK
Sabit Uzunluktaki Kontrol Alanı 01147nam a22003737a 4500
001 - KONTROL NUMARASI
Control Dosyası 0043259
003 - KONTROL NUMARASI KİMLİĞİ
Kontrol Alanı KOHA_MİRAKIL
005 - EN SON İŞLEM TARİHİ ve ZAMANI
Kontrol Alanı 20260207003342.0
007 - FİZİKSEL TANIM SABİT ALAN - GENEL BİLGİ
Sabit uzunluklu kontrol alanı ta
008 - SABİT UZUNLUKTAKİ VERİ ÖGELERİ - GENEL BİLGİ
Sabit Alan 130730b2012 tu |||gr||||#0|||1|tur |
020 ## - ISBN - ULUSLARARASI STANDART KİTAP NUMARASI
Isbn 9786053606123
Nitelik bilgileri 9786053606116
040 ## - KATALOGLAMA KAYNAĞI
Özgün Kataloglama Kurumu TR-BiSEU
Kataloglama Dili tur
Çeviri Kurumu TR-BiSEU
Açıklama Kuralları rda
041 0# - DİL KODU
Metin ya da ses kaydının dil kodu tur
044 ## - YAYINLAYAN/ÜRETEN KURULUŞUN ÜLKE KODU
ISO country code tu
050 ## - SINIFLAMA ve YER NUMARASI
Sınıflama Numarası PT2653.W42
Yer Numarası S28 2012
100 1# - KİŞİ ADI
Yazar Adı (Kişi adı) Zweig, Stefan.
245 1# - ESER ADI BİLDİRİMİ
Başlık Satranç/
Sorumluluk Bildirimi Stefan Zweig ; Stefan Zweig ; çeviren Ahmet Can.
264 #1 - ÜRERİM, YAYIN, DAĞITIM ve TELİF BİLDİRİMİ
Yayın yeri İstanbul :
Yayınlayan Türkiye İş Bankası Kültür Yayınları
Yayın tarihi 2012
300 ## - FİZİKSEL TANIMLAMA
Sayfa, Cilt vb. 77 sayfa ;
Boyutları 20 cm.
336 ## - İÇERİK TÜRÜ
Content type term metin
Content type code txt
Source rdacontent
337 ## - MEDYA TÜRÜ
Media type term aracısız
Media type code n
Source rdamedia
338 ## - TAŞIYICI TÜRÜ
Carrier type term cilt
Carrier type code nc
Source rdacarrier
490 1# - DİZİ BİLDİRİMİ
Dizi Bildirimi Modern Klasikler Dizisi ;
Cilt Numarası 21.
490 1# - DİZİ BİLDİRİMİ
Dizi Bildirimi Bütün Eserleri ;
Cilt Numarası 4.
490 1# - DİZİ BİLDİRİMİ
Dizi Bildirimi Genel Yayın ;
Cilt Numarası 2447.
500 ## - GENEL NOT
Genel Not Özgün adı : Schach novelle
650 #0 - KONU BAŞLIĞI EK GİRİŞ - KONU TERİMİ
Konusal terim veya coğrafi ad Alman romanı.
9 (RLIN) 8454
650 #0 - KONU BAŞLIĞI EK GİRİŞ - KONU TERİMİ
Konusal terim veya coğrafi ad German fiction.
9 (RLIN) 8710
830 1# - SERİ EK GİRİŞİ - TEKBİÇİM ESER ADI
Tekbiçim Başlık Modern Klasikler Dizisi ;
Volume number/sequential designation 21.
9 (RLIN) 80619
830 1# - SERİ EK GİRİŞİ - TEKBİÇİM ESER ADI
Tekbiçim Başlık Bütün Eserleri ;
Volume number/sequential designation 4.
9 (RLIN) 10989
830 1# - SERİ EK GİRİŞİ - TEKBİÇİM ESER ADI
Tekbiçim Başlık Genel Yayın ;
Volume number/sequential designation 2447.
9 (RLIN) 7447
907 ## - LOCAL DATA ELEMENT G, LDG (RLIN)
a Roman
942 ## - EK GİRİŞ ÖGELERİ (KOHA)
Source of classification or shelving scheme Library of Congress Classification
Koha item type Book
Holdings
Materyal Türü Kalıcı Konum Mevcut Konum Raf Yeri Sınıflandırma Kaynağı Edinim Bilgisi Ana Konular Alt Konular Yer Numarası Demirbaş Numarası Fatura Tarihi Maliyet, Alış Fiyatı Maliyet, Yenileme Fiyatı Geri Çekilme Durumu Kayıp Durumu Hasarlı Durumu Kredi için değil Kayıt Tarih Toplam Ödünçverme Toplam Yenileme Son Görülme Tarihi Son Kontrol Tarihi Satın Alma Notu
Book Prof. Dr. Azmi Özcan Kütüphanesi Prof. Dr. Azmi Özcan Kütüphanesi Birûni Salonu Library of Congress Classification Satın DİL VE EDEBİYAT Alman - Hollanda - İskandinav Edebiyatları vb. PT2653.W42 S28 2012 0043259 24/09/2013 3.59 3.59         30/07/2013 49 1 31/03/2026 27/02/2026 73291-73383 (92 sayfa)